Los evangelios excluidos y sus lectores, o cómo decir cuándo un beso es simplemente un beso (Registro nro. 49976)
[ vista simple ]
| 000 -LÍDER | |
|---|---|
| Campo fijo de descripción fija | 00919aab a2200193 i 4500 |
| 001 - NÚMERO DE CONTROL | |
| Campo de control | 768714001 |
| 003 - IDENTIFICADOR DEL NÚMERO DE CONTROL | |
| Campo de control | CO-MdFUSB |
| 005 - FECHA Y HORA DE LA ULTIMA TRANSACCIÓN | |
| control field | 20221116162427.0 |
| 008 - ELEMENTOS DE LONGITUD FIJA -- INFORMACIÓN GENERAL | |
| Campo fijo de descripción fija -- Información general | 221116s2002 sp ||||| |||| 00| 0 spa d |
| 040 ## - FUENTE DE CATALOGACIÓN | |
| Idioma de catalogación | por |
| Agencia que realiza la transcripción | CO-MdFUSB |
| Agencia que realiza la modificación | CO-MdFUSB |
| 041 ## - CÓDIGO DE IDIOMA | |
| Código de idioma para texto/pista de sonido o título separado | spa |
| 100 1# - ASIENTO PRINCIPAL--NOMBRE PERSONAL | |
| Nombre personal | Okland, Jorunn |
| Término relacionador | autor |
| 245 14 - TÍTULO | |
| Título | Los evangelios excluidos y sus lectores, o cómo decir cuándo un beso es simplemente un beso |
| Mención de responsabilidad | / Jorunn Okland |
| 300 ## - DESCRIPCIÓN FÍSICA | |
| Extensión | Número 294 (2002), Páginas 77-86 |
| Dimensiones | ; 21 cm |
| 520 ## - NOTA DE RESUMEN, ETC. | |
| Nota de sumario, etc. | El presente articulo no es una autodefensa de mi persona apologética: pero, dado que veo las ocasiones mencionadas como ejemplos particularmente claros de lecturas enfrentadas de los evangelios no canónicos, las voy a usar como punto de partida par las reflexiones presentadas en este artículo. |
| 630 07 - PUNTO DE ACCESO ADICIONAL DE MATERIA - TÍTULO UNIFORME | |
| Título uniforme | Biblia. |
| 773 0# - ASIENTO DE ITEM FUENTE | |
| Título | Concilium |
| Biblionumber | 49450 |
| Itemnumber | 60418 |
| Parte(s) relacionada(s) / Volumen., número. (mes año), páginas | Número 294 (2002), Páginas 77-86 |
| Enumeración y primera página | Páginas 77-86 |
| 942 ## - TIPO DE MATERIAL (KOHA) | |
| Tipo de Item KOHA | Artículos de Revista |
No hay ítems disponibles.
